[Event "Frankfurt Ch B 2019"]
[Site "Ffm-Höchst, BiKuZ"]
[Date "2019.04.30"]
[Round "1.2"]
[White "Rosen, Thomas"]
[Black "Engelhardt, Michael"]
[Result "0-1"]
[WhiteElo "1257"]
[BlackElo "1467"]
[PlyCount "90"]
[EventDate "2019.??.??"]
[WhiteTeam "SV Lahn Limburg"]
[BlackTeam "SV Nauheim"]

1. d4 Nf6 2. Nf3 Ne4 3. Nc3 d5 4. Bf4 Nxc3 5. bxc3 Bf5 6. e3 e6 7. Be2 Bd6 8.
Bg5 f6 9. Bh4 Nd7 10. Bg3 Bxg3 11. hxg3 Qe7 12. Nh4 O-O-O 13. Nxf5 exf5 14. c4
dxc4 15. c3 Nb6 16. Rb1 h5 17. a4 Nd5 18. Qd2 Qa3 19. O-O Qxc3 20. Qxc3 Nxc3
21. Rb2 Nxe2+ 22. Rxe2 Rd6 23. Rc2 h4 24. gxh4 Rxh4 25. Rxc4 Rd8 26. g3 Rh5 27.
Rfc1 c6 28. Kf1 Rh1+ 29. Kg2 Rxc1 30. Rxc1 Kc7 31. Rc5 Rd5 32. Kf3 Rxc5 33.
dxc5 Kd7 34. e4 Ke6 35. Ke3 b6 36. Kd4 fxe4 37. cxb6 axb6 38. Kxe4 c5 39. f4
f5+ 40. Ke3 Kd5 41. Kd3 g6 42. Kc3 c4 43. Kd2 Kd4 44. Kc2 c3 45. Kd1 Kd3 0-1

[Event "Frankfurt Ch B 2019"]
[Site "Ffm-Höchst, BiKuZ"]
[Date "2019.04.30"]
[Round "1.3"]
[White "Kiel, Gerhard"]
[Black "Paulicks, Frank"]
[Result "1-0"]
[WhiteElo "1459"]
[BlackElo "1252"]
[PlyCount "87"]
[EventDate "2019.??.??"]
[WhiteTeam "Berkershm"]
[BlackTeam "SC Bad Nauheim"]

1. Nf3 c5 2. e3 d5 3. d4 c4 4. b3 b5 5. a4 Qb6 6. axb5 Qxb5 7. bxc4 dxc4 8. c3
Be6 9. Na3 Qa6 10. Bb2 Qc8 11. Be2 Nf6 12. O-O Nbd7 13. Qa4 g6 14. Nxc4 Bxc4
15. Bxc4 Bg7 16. Ba3 O-O 17. Ba2 Re8 18. c4 Nb6 19. Qc2 Nbd7 20. Rad1 Qa6 21.
Bc1 Rab8 22. e4 Nxe4 23. Rfe1 Nc3 24. Qxc3 Qxa2 25. Qa3 Qxa3 26. Bxa3 Bf6 27.
Rb1 Rxb1 28. Rxb1 Nb6 29. c5 Nc4 30. Bc1 Rd8 31. g3 Kg7 32. Ra1 Bxd4 33. Ra4
Bxc5 34. Rxc4 Rd1+ 35. Kg2 Bb6 36. Bb2+ f6 37. Bd4 Rb1 38. Bxb6 axb6 39. Rc7
Kf7 40. Rb7 b5 41. Nd4 b4 42. Nc6 b3 43. Na5 b2 44. Nc4 1-0

[Event "Frankfurt Ch B 2019"]
[Site "Ffm-Höchst, BiKuZ"]
[Date "2019.04.30"]
[Round "1.4"]
[White "Tryfon, Konstantin"]
[Black "Grimm, Heinz-Peter"]
[Result "1-0"]
[WhiteElo "1239"]
[BlackElo "1445"]
[PlyCount "67"]
[EventDate "2019.??.??"]
[WhiteTeam "SV Hofheim"]
[BlackTeam "vereinslos"]

1. e4 c5 2. Nf3 Nc6 3. d4 cxd4 4. Nxd4 Nxd4 5. Qxd4 d6 6. Bc4 e5 7. Qd5 Qc7 8.
Nc3 Be6 9. Bb5+ Kd8 10. Qd3 a6 11. Ba4 Bc4 12. Qd1 h6 13. Bb3 Nf6 14. Be3 b5
15. a4 b4 16. Na2 a5 17. Nc1 Nxe4 18. Qg4 d5 19. Qf3 f6 20. Bb6 Qxb6 21. Bxc4
Qd4 22. Ba2 Bc5 23. Nd3 Bb6 24. Rd1 Ke7 25. O-O Rac8 26. Bb3 Rhd8 27. Nf4 Qc5
28. Nxd5+ Rxd5 29. Rxd5 Ng5 30. Qd3 Qc6 31. Qb5 Qb7 32. Rfd1 Rc7 33. Rd8 Bxf2+
34. Kxf2 1-0

[Event "Frankfurt Ch B 2019"]
[Site "Ffm-Höchst, BiKuZ"]
[Date "2019.04.30"]
[Round "1.5"]
[White "Trumpp, Christopher"]
[Black "Landvoigt, Martin"]
[Result "1-0"]
[WhiteElo "1438"]
[BlackElo "1232"]
[PlyCount "63"]
[EventDate "2019.??.??"]
[WhiteTeam "Berkershm"]
[BlackTeam "SF Friedberg"]

1. e4 d5 2. exd5 Qxd5 3. Nc3 Qa5 4. g3 c5 5. d4 e6 6. Nf3 Nf6 7. dxc5 Bxc5 8.
Bd2 Qb6 9. Bb5+ Bd7 10. Bxd7+ Nbxd7 11. O-O O-O 12. Na4 Qc6 13. Nxc5 Nxc5 14.
Qe2 Nce4 15. Bf4 Rac8 16. Rac1 h6 17. c4 b6 18. b3 Rfd8 19. Rfe1 Qc5 20. Nd2
Nxd2 21. Bxd2 Rd7 22. Be3 Qf5 23. Red1 Rcd8 24. Rxd7 Rxd7 25. Rd1 Rxd1+ 26.
Qxd1 Qc2 27. Qxc2 Ng4 28. Qe4 Nf6 29. Qa8+ Kh7 30. Qxa7 b5 31. cxb5 Nd5 32. b6
1-0

[Event "Frankfurt Ch B 2019"]
[Site "Ffm-Höchst, BiKuZ"]
[Date "2019.04.30"]
[Round "1.6"]
[White "Pessotschinski, Lars"]
[Black "Goodwin, David"]
[Result "0-1"]
[WhiteElo "1213"]
[BlackElo "1434"]
[PlyCount "54"]
[EventDate "2019.??.??"]
[WhiteTeam "TuS Makkabi"]
[BlackTeam "SV Kelsterbach"]

1. e4 g6 2. f4 Bg7 3. Nf3 d6 4. d4 a6 5. Bc4 Nf6 6. Nc3 b5 7. Bb3 b4 8. Nd5
Nxd5 9. Bxd5 c6 10. Bb3 O-O 11. O-O Nd7 12. Qe1 a5 13. f5 Ba6 14. Rf2 Nf6 15.
fxg6 hxg6 16. Ng5 d5 17. e5 Ne4 18. Nxe4 dxe4 19. Qxe4 Qc7 20. Qxg6 e6 21. Bh6
fxg6 22. Bxe6+ Kh7 23. Bxg7 Kxg7 24. Raf1 Rxf2 25. Rxf2 Rf8 26. Rd2 Qe7 27. d5
cxd5 0-1

[Event "Frankfurt Ch B 2019"]
[Site "Ffm-Höchst, BiKuZ"]
[Date "2019.04.30"]
[Round "1.7"]
[White "Bär, Christian"]
[Black "Häfner, Günther"]
[Result "1-0"]
[WhiteElo "1423"]
[BlackElo "1203"]
[PlyCount "67"]
[EventDate "2019.??.??"]
[WhiteTeam "SC Steinbach"]
[BlackTeam "Berkershm"]

1. e4 d5 2. exd5 Qxd5 3. d4 Bf5 4. Nf3 Nc6 5. a3 Nf6 6. c4 Qe4+ 7. Be3 O-O-O 8.
d5 Ne5 9. Ng5 Qc2 10. Qxc2 Bxc2 11. f4 Neg4 12. Bd4 Nh6 13. Nc3 a6 14. Rc1 Bf5
15. h3 Bd7 16. Bd3 Re8 17. O-O Nh5 18. g4 Nf6 19. Nf3 Nhg8 20. Ne5 h5 21. Nxf7
Rh7 22. g5 Bxh3 23. gxf6 Nxf6 24. Bxh7 Nxh7 25. Rf2 g6 26. Ng5 Nxg5 27. fxg5
Bf5 28. Re1 Rd8 29. Bc5 Rd7 30. Bd4 e6 31. Rd2 Re7 32. Bc5 Re8 33. Bxf8 Rxf8
34. dxe6 1-0

[Event "Frankfurt Ch B 2019"]
[Site "Ffm-Höchst, BiKuZ"]
[Date "2019.04.30"]
[Round "1.8"]
[White "Barth, Horst"]
[Black "Brendel, Lutz"]
[Result "1-0"]
[WhiteElo "1200"]
[BlackElo "1407"]
[PlyCount "93"]
[EventDate "2019.??.??"]
[WhiteTeam "SF Mainz"]
[BlackTeam "Schach AG im FDG"]

1. e4 c5 2. Nf3 Nc6 3. Bb5 a6 4. Bxc6 bxc6 5. O-O g6 6. Nc3 Bg7 7. d3 Nf6 8.
Be3 d6 9. h3 O-O 10. Qd2 Rb8 11. Rab1 Qa5 12. b3 d5 13. Nxd5 Qxd2 14. Nxe7+ Kh8
15. Bxd2 Bb7 16. Ne5 Nxe4 17. Bh6 Bxe5 18. Rfe1 Rfe8 19. Rxe4 Rxe7 20. Rbe1
Rbe8 21. f4 Bd4+ 22. Kf1 Rxe4 23. Rxe4 Rxe4 24. dxe4 f5 25. e5 Bc8 26. Ke2 Kg8
27. c4 Be6 28. Kf1 a5 29. a4 Kf7 30. g3 Bd5 31. cxd5 cxd5 32. Bg5 c4 33. bxc4
dxc4 34. Ke1 Ke6 35. Bd8 Bc3+ 36. Kd1 Kd5 37. Kc2 Bb4 38. g4 Ke4 39. Bg5 fxg4
40. hxg4 Kf3 41. e6 Kxg4 42. e7 Bxe7 43. Bxe7 Kxf4 44. Bd6+ Kf3 45. Bc7 g5 46.
Bxa5 g4 47. Bb6 1-0

[Event "Frankfurt Ch B 2019"]
[Site "Ffm-Höchst, BiKuZ"]
[Date "2019.04.30"]
[Round "1.9"]
[White "Ketting, Douwe"]
[Black "Lassek, Bjarne"]
[Result "1-0"]
[WhiteElo "1397"]
[BlackElo "1194"]
[PlyCount "29"]
[EventDate "2019.??.??"]
[WhiteTeam "SC Somborn"]
[BlackTeam "Schach AG im FDG"]

1. b4 e5 2. Bb2 Bxb4 3. Bxe5 d6 4. Bxg7 f6 5. Bxh8 Qe7 6. e3 Bf5 7. Qh5+ Bg6 8.
Qb5+ Nc6 9. Qxb7 Nd4 10. Bb5+ Kf7 11. Qd5+ Ne6 12. Qxa8 Bxc2 13. Nf3 Nf4 14.
O-O Be4 15. Qe8+ 1-0

[Event "Frankfurt Ch B 2019"]
[Site "Ffm-Höchst, BiKuZ"]
[Date "2019.04.30"]
[Round "1.10"]
[White "Grinberg, Igor"]
[Black "Al-Butmeh, Firas"]
[Result "0-1"]
[WhiteElo "1187"]
[BlackElo "1362"]
[PlyCount "76"]
[EventDate "2019.??.??"]
[WhiteTeam "TuS Makkabi"]
[BlackTeam "SV Lahn Limburg"]

1. d4 Nf6 2. Bf4 g6 3. Nf3 Bg7 4. e3 O-O 5. c4 d6 6. Nc3 Nbd7 7. Bd3 c5 8. O-O
Nh5 9. Bg3 Nxg3 10. fxg3 cxd4 11. exd4 Qb6 12. Nd5 Qd8 13. Rb1 e6 14. Ne3 b6
15. Be4 Rb8 16. Qa4 Bb7 17. Bxb7 Rxb7 18. Rbd1 Nf6 19. Qc2 Rc7 20. d5 e5 21. b3
Bh6 22. Rde1 Bxe3+ 23. Rxe3 Nd7 24. Nd2 f5 25. g4 Qg5 26. Ref3 Qxg4 27. Rg3
Qd4+ 28. Kh1 e4 29. Rg5 Qf6 30. h4 Qe7 31. g4 e3 32. Nf3 fxg4 33. Rxg4 Nf6 34.
Rg2 Ne4 35. h5 g5 36. Rfg1 Rxf3 37. Qxe4 Rh3+ 38. Rh2 Qxe4+ 0-1

[Event "Frankfurt Ch B 2019"]
[Site "Ffm-Höchst, BiKuZ"]
[Date "2019.04.30"]
[Round "1.11"]
[White "Manasek, Martin"]
[Black "Schäfer, Dieter"]
[Result "1-0"]
[WhiteElo "1360"]
[BlackElo "1167"]
[PlyCount "69"]
[EventDate "2019.??.??"]
[WhiteTeam "SC Flörsheim"]
[BlackTeam "SV Ffm-Griesheim"]

1. d4 d5 2. Nf3 Bg4 3. e3 Nc6 4. Be2 e6 5. O-O Bd6 6. c4 dxc4 7. Bxc4 a6 8. Nc3
Nf6 9. a3 O-O 10. e4 e5 11. dxe5 Nxe5 12. Be2 Nxf3+ 13. Bxf3 Bxf3 14. Qxf3 Be5
15. Bg5 h6 16. Rad1 Qe8 17. Bh4 c6 18. Rd3 Rd8 19. Rfd1 Rxd3 20. Rxd3 Qb8 21.
Bg3 Bxg3 22. hxg3 Rd8 23. Qd1 Rxd3 24. Qxd3 Qe8 25. f4 Qe7 26. b4 Qd7 27. Qf3
Qd4+ 28. Kh2 Ng4+ 29. Qxg4 Qxc3 30. Qc8+ Kh7 31. Qxb7 Qxa3 32. Qxc6 Qxb4 33.
Qxa6 Qxe4 34. Qc8 Qf5 35. Qxf5+ 1-0

[Event "Frankfurt Ch B 2019"]
[Site "Ffm-Höchst, BiKuZ"]
[Date "2019.04.30"]
[Round "1.12"]
[White "Özyar, Arin"]
[Black "Le, Tung Lam"]
[Result "0-1"]
[WhiteElo "1167"]
[BlackElo "1358"]
[PlyCount "96"]
[EventDate "2019.??.??"]
[WhiteTeam "SC Bad Soden"]
[BlackTeam "Schach AG im FDG"]

1. e4 c5 2. Nf3 e6 3. d4 cxd4 4. Nxd4 Nc6 5. Nc3 Bb4 6. Nde2 Nf6 7. a3 Bxc3+ 8.
Nxc3 Qa5 9. Bd2 Qe5 10. f3 O-O 11. Qe2 Nd4 12. Qd3 Nc6 13. O-O-O d5 14. f4 Qd4
15. e5 Qxd3 16. Bxd3 Nd7 17. h4 Nc5 18. Be2 d4 19. Nb5 b6 20. Be1 Ba6 21. Nxd4
Nxd4 22. Bxa6 Nxa6 23. Rxd4 Rfd8 24. Rxd8+ Rxd8 25. Bf2 Nc7 26. Rh3 Nd5 27. Rd3
Rc8 28. Rg3 Nxf4 29. Kd2 Ng6 30. Rg5 Nf4 31. h5 h6 32. Rg4 Nxh5 33. Ra4 Rc7 34.
Bd4 Ng3 35. Bc3 Kh7 36. Bb4 Rd7+ 37. Ke3 Kg6 38. Bd6 Nf5+ 39. Ke4 Nxd6+ 40.
exd6 Kf6 41. Rd4 g5 42. b4 g4 43. Rd3 h5 44. c4 e5 45. c5 bxc5 46. bxc5 Ke6 47.
Rd5 f5+ 48. Ke3 Kxd5 0-1

[Event "Frankfurt Ch B 2019"]
[Site "Ffm-Höchst, BiKuZ"]
[Date "2019.04.30"]
[Round "1.13"]
[White "Widmann, Dieter"]
[Black "Klinke, Roland"]
[Result "0-1"]
[WhiteElo "1340"]
[BlackElo "1157"]
[PlyCount "52"]
[EventDate "2019.??.??"]
[WhiteTeam "Berkershm"]
[BlackTeam "TuS Dotzheim"]

1. d4 d5 2. c4 c6 3. Nc3 Nf6 4. Nf3 Nbd7 5. e3 e6 6. c5 Be7 7. Bd3 O-O 8. e4
dxe4 9. Nxe4 Nd5 10. O-O N7f6 11. Re1 Qc7 12. Nfg5 h6 13. Nxf6+ Nxf6 14. Ne4
Rd8 15. Bxh6 gxh6 16. Nxf6+ Bxf6 17. Qh5 Kf8 18. Qxh6+ Ke7 19. Qh7 Rh8 20. Qe4
Qxh2+ 21. Kf1 Qh1+ 22. Ke2 Qh5+ 23. Kd2 Bd7 24. f4 Rag8 25. Be2 Qh4 26. Bf3
Qf2+ 0-1

[Event "Frankfurt Ch B 2019"]
[Site "Ffm-Höchst, BiKuZ"]
[Date "2019.04.30"]
[Round "1.14"]
[White "Czinkota, Michael"]
[Black "Brunner, Andreas"]
[Result "0-1"]
[WhiteElo "1144"]
[BlackElo "1338"]
[PlyCount "44"]
[EventDate "2019.??.??"]
[WhiteTeam "SC Bad Soden"]
[BlackTeam "Berkershm"]

1. e4 e6 2. d4 d5 3. e5 c5 4. c3 Nc6 5. Nf3 Qb6 6. Na3 Bd7 7. Rb1 cxd4 8. cxd4
Rc8 9. Be2 Nxd4 10. Be3 Nxf3+ 11. Bxf3 Bb4+ 12. Bd2 Qa5 13. Nc2 Bxd2+ 14. Qxd2
Qxd2+ 15. Kxd2 Ne7 16. Nd4 O-O 17. Rbc1 Ng6 18. Rxc8 Rxc8 19. Re1 Nh4 20. Re3
Kf8 21. Rb3 Rc7 22. Ke3 Ng6 0-1

[Event "Frankfurt Ch B 2019"]
[Site "Ffm-Höchst, BiKuZ"]
[Date "2019.04.30"]
[Round "1.15"]
[White "Wöhl, Torsten"]
[Black "Corluka, Lukas"]
[Result "1-0"]
[WhiteElo "1324"]
[BlackElo "1135"]
[PlyCount "51"]
[EventDate "2019.??.??"]
[WhiteTeam "SC Groß-Zimmern"]
[BlackTeam "Schach AG im FDG"]

1. d4 d5 2. Bf4 Nf6 3. e3 Bg4 4. f3 Bf5 5. c4 Nc6 6. a3 Qd7 7. Nc3 e6 8. c5
O-O-O 9. Bb5 a6 10. Ba4 h6 11. Nge2 g5 12. Be5 Bg7 13. Nc1 g4 14. Nb3 b6 15.
cxb6 cxb6 16. Qe2 Kb7 17. Na2 Ra8 18. Nb4 Rhc8 19. Rc1 gxf3 20. gxf3 Nxd4 21.
Bxd7 Rxc1+ 22. Nxc1 Nxe2 23. Bc6+ Ka7 24. Nxe2 Rc8 25. Nd4 a5 26. Nb5# 1-0

[Event "Frankfurt Ch B 2019"]
[Site "Ffm-Höchst, BiKuZ"]
[Date "2019.04.30"]
[Round "1.16"]
[White "Sturm, Holger"]
[Black "Wundram, Till"]
[Result "1-0"]
[WhiteElo "1133"]
[BlackElo "1310"]
[PlyCount "111"]
[EventDate "2019.??.??"]
[WhiteTeam "Schierstein"]
[BlackTeam "vereinslos"]

1. d4 d5 2. c4 c6 3. Nf3 Bg4 4. Nc3 Nf6 5. cxd5 cxd5 6. e3 e6 7. Be2 Be7 8. O-O
O-O 9. h3 Bh5 10. a3 Nbd7 11. b4 a6 12. Bb2 Rc8 13. Rc1 Nb6 14. Ne5 Bxe2 15.
Nxe2 Rxc1 16. Nxc1 Ne4 17. Ncd3 f6 18. Nf3 Nc4 19. Bc1 b6 20. Nf4 Qd6 21. Qa4
b5 22. Qd1 e5 23. dxe5 fxe5 24. Nxd5 Bf6 25. Nxf6+ Nxf6 26. Qxd6 Nxd6 27. Nxe5
Rc8 28. Rd1 Nde4 29. Ng4 Rc2 30. Nxf6+ gxf6 31. Rf1 Nc3 32. Kh2 Ne2 33. Rd1
Nxc1 34. Rd8+ Kg7 35. Kg3 Ne2+ 36. Kf3 Ra2 37. Rd7+ Kg6 38. Rd3 Rc2 39. Rd6 Nc1
40. Rd4 Ra2 41. Rg4+ Kf7 42. Rh4 Ke6 43. Re4+ Kd6 44. Rd4+ Kc6 45. Rd1 Nb3 46.
Rd8 Nd2+ 47. Kf4 Nc4 48. Kg3 Rxa3 49. Rc8+ Kd5 50. Rc5+ Ke4 51. Rh5 Rb3 52.
Rxh7 Rxb4 53. Re7+ Ne5 54. Re6 a5 55. Rxf6 a4 56. Rf4+ 1-0

[Event "Frankfurt Ch B 2019"]
[Site "Ffm-Höchst, BiKuZ"]
[Date "2019.04.30"]
[Round "1.17"]
[White "Nebel, Marcel"]
[Black "Hartwig, Horst"]
[Result "1-0"]
[WhiteElo "1309"]
[BlackElo "1080"]
[PlyCount "73"]
[EventDate "2019.??.??"]
[WhiteTeam "Berkershm"]
[BlackTeam "vereinslos"]

1. d4 e6 2. c4 d5 3. Nf3 Nf6 4. Bg5 Be7 5. e3 Ne4 6. Bxe7 Qxe7 7. Nc3 Nxc3 8.
bxc3 c5 9. Be2 Nc6 10. O-O O-O 11. Qc2 cxd4 12. cxd4 b6 13. Rac1 Nb4 14. Qb3
Ba6 15. Rfe1 Bb7 16. c5 bxc5 17. dxc5 Nc6 18. Rb1 Rab8 19. Rec1 Ba6 20. Qd1
Bxe2 21. Qxe2 Rxb1 22. Rxb1 Qxc5 23. Qd3 f6 24. h3 Ne5 25. Nxe5 fxe5 26. Qa6
Qe7 27. Rb7 Qf6 28. f3 Qg6 29. Kh2 Ra8 30. Re7 Re8 31. Rxa7 Qh6 32. Qb7 Qf6 33.
a4 Kf8 34. a5 Re7 35. Qxe7+ Qxe7 36. Rxe7 Kxe7 37. a6 1-0

[Event "Frankfurt Ch B 2019"]
[Site "Ffm-Höchst, BiKuZ"]
[Date "2019.04.30"]
[Round "1.18"]
[White "Fredershausen, Kurt"]
[Black "Grünzig, Matthias"]
[Result "0-1"]
[WhiteElo "1079"]
[BlackElo "1298"]
[PlyCount "108"]
[EventDate "2019.??.??"]
[WhiteTeam "SC Bad Soden"]
[BlackTeam "Berkershm"]

1. e4 d5 2. Nc3 dxe4 3. Nxe4 Nc6 4. c3 Bf5 5. d3 Bxe4 6. dxe4 Qxd1+ 7. Kxd1
O-O-O+ 8. Ke1 Nf6 9. f3 e5 10. Bg5 Bc5 11. Ne2 Rd6 12. Bxf6 Rxf6 13. Ng3 g6 14.
Bb5 Rd8 15. Bxc6 Rxc6 16. Rd1 Rcd6 17. Rxd6 Rxd6 18. Ke2 Kd7 19. Rd1 b5 20.
Rxd6+ Kxd6 21. b4 Bb6 22. Kd3 c5 23. bxc5+ Bxc5 24. c4 b4 25. Kc2 Bb6 26. Kb3
Kc5 27. Ne2 a5 28. f4 exf4 29. Nxf4 Bc7 30. g3 Kd4 31. Nh3 f6 32. Nf2 h5 33. g4
Ke3 34. Nd1+ Kxe4 35. h3 hxg4 36. hxg4 Kf3 37. c5 Ke2 38. Nb2 f5 39. gxf5 gxf5
40. Nc4 f4 41. Kc2 f3 42. Nd2 f2 43. c6 Bf4 44. Ne4 f1=Q 45. Kb3 Qd1+ 46. Kc4
Qd3+ 47. Kc5 Qxe4 48. Kb6 Qd5 49. Kb7 Qb5+ 50. Ka7 Be3+ 51. Ka8 Qxc6+ 52. Kb8
Qd7 53. a4 Bd4 54. Ka8 Qa7# 0-1

[Event "Frankfurt Ch B 2019"]
[Site "Ffm-Höchst, BiKuZ"]
[Date "2019.04.30"]
[Round "1.19"]
[White "Bauer, Alfred"]
[Black "Czinkota, Thomas"]
[Result "1-0"]
[WhiteElo "1298"]
[BlackElo "828"]
[PlyCount "55"]
[EventDate "2019.??.??"]
[WhiteTeam "Freibauer Mörlenbach"]
[BlackTeam "SC Bad Soden"]

1. e4 e5 2. Nf3 d6 3. d4 exd4 4. Nxd4 c5 5. Nf3 Nc6 6. h3 a6 7. a3 b5 8. c4 g6
9. cxb5 axb5 10. Bxb5 Qa5+ 11. Nc3 Bd7 12. Bd2 Ra7 13. O-O Bg7 14. Bc4 Be6 15.
Nd5 Qd8 16. Qc1 Nf6 17. Re1 O-O 18. Bc3 Re8 19. b4 Nxd5 20. exd5 Bxc3 21. Qxc3
Ne5 22. Nxe5 Bxd5 23. Bxd5 dxe5 24. Rxe5 cxb4 25. axb4 Rc7 26. Rxe8+ Qxe8 27.
Qxc7 Qe1+ 28. Rxe1 1-0

[Event "Frankfurt Ch A 2019"]
[Site "Ffm-Höchst, BiKuZ"]
[Date "2019.05.06"]
[Round "2.3"]
[White "Kolker, Vladislav"]
[Black "Milov, Leonid"]
[Result "0-1"]
[WhiteElo "1959"]
[BlackElo "2456"]
[PlyCount "32"]
[EventDate "2019.??.??"]
[WhiteTeam "SC Bad Nauheim"]
[BlackTeam "SC Noris-Tarrasch Nürnberg"]

1. e4 c5 2. Nf3 e6 3. b4 cxb4 4. a3 d5 5. e5 Nc6 6. axb4 Bxb4 7. c3 Be7 8. d4
Bd7 9. Bd3 a6 10. O-O Rc8 11. Na3 Na5 12. Bd2 h5 13. Nc2 Nc4 14. Ne3 Nb2 15.
Qe2 Nxd3 16. Qxd3 Bb5 0-1

[Event "Frankfurt Ch A 2019"]
[Site "Ffm-Höchst, BiKuZ"]
[Date "2019.05.06"]
[Round "2.5"]
[White "Calvi, Stefan"]
[Black "Neukirchner, Pascal"]
[Result "0-1"]
[WhiteElo "1953"]
[BlackElo "2298"]
[PlyCount "72"]
[EventDate "2019.??.??"]
[WhiteTeam "SF Frankfurt"]
[BlackTeam "SK Gründau"]

1. e4 c5 2. c3 Nf6 3. e5 Nd5 4. d4 cxd4 5. Nf3 Nc6 6. cxd4 d6 7. Bc4 Nb6 8. Bb3
dxe5 9. d5 Na5 10. Nc3 Bg4 11. Ba4+ Nxa4 12. Qxa4+ Bd7 13. Qe4 f6 14. Bd2 Rc8
15. b3 b6 16. O-O g6 17. Rac1 Bg7 18. Qh4 Nb7 19. Bh6 O-O 20. Bxg7 Kxg7 21. h3
Nc5 22. Rfd1 Bf5 23. g4 Ne4 24. Nxe4 Rxc1 25. Rxc1 Bxe4 26. Qg3 Qxd5 27. Nh2
Rd8 28. Nf1 Qd3 29. Qxd3 Rxd3 30. Ng3 Bf3 31. Rc7 Rd1+ 32. Kh2 Rd2 33. Nh1 Rxa2
34. Rxe7+ Kh6 35. g5+ Kxg5 36. Rxh7 Bxh1 0-1

[Event "Frankfurt Ch A 2019"]
[Site "Ffm-Höchst, BiKuZ"]
[Date "2019.05.06"]
[Round "2.6"]
[White "Legde, Georg"]
[Black "Casagrande, Thomas"]
[Result "1/2-1/2"]
[WhiteElo "2263"]
[BlackElo "1952"]
[PlyCount "102"]
[EventDate "2019.??.??"]
[WhiteTeam "Freibauer Mörlenbach"]
[BlackTeam "Frankfurter TV"]

1. Nf3 d5 2. d4 c6 3. c4 e6 4. g3 f5 5. Bg2 Nf6 6. O-O Bd6 7. Ne5 O-O 8. Bf4
Nh5 9. Bd2 Qe8 10. Qb3 Kh8 11. Bb4 Qe7 12. Bxd6 Qxd6 13. Nd2 Nd7 14. Ndf3 Nhf6
15. Qe3 Ne4 16. Nxd7 Bxd7 17. Ne5 Nf6 18. Rab1 Be8 19. Qf4 Rd8 20. Rfd1 h6 21.
cxd5 Nxd5 22. Qc1 Bh5 23. Rd2 Rf6 24. e3 g5 25. Qc5 Qxc5 26. dxc5 Rff8 27. Rd4
Nf6 28. Rb4 Nd7 29. Nd3 Be2 30. Nc1 Ba6 31. Nb3 e5 32. Bf1 Bxf1 33. Kxf1 b6 34.
cxb6 Nxb6 35. Rc1 Rd6 36. Na5 f4 37. exf4 exf4 38. Rxc6 Rd5 39. Nb3 f3 40. Rd4
Rfd8 41. Rxd5 Rxd5 42. Ke1 Re5+ 43. Kd1 Re2 44. Rc2 Re6 45. g4 Nd5 46. Nd2 Rd6
47. a3 Kg7 48. Kc1 Rf6 49. Rc5 Nf4 50. Kc2 Nh3 51. Rc7+ Kg8 1/2-1/2

[Event "Frankfurt Ch A 2019"]
[Site "Ffm-Höchst, BiKuZ"]
[Date "2019.05.06"]
[Round "2.7"]
[White "Hoti, Safet"]
[Black "Keller, Peter"]
[Result "1-0"]
[WhiteElo "1944"]
[BlackElo "2201"]
[PlyCount "105"]
[EventDate "2019.??.??"]
[WhiteTeam "SC Heusenstamm"]
[BlackTeam "Frankfurter TV"]

1. d4 f5 2. g3 Nf6 3. Bg2 g6 4. Nc3 d5 5. Nf3 Bg7 6. O-O O-O 7. Bf4 Bd7 8. Qc1
Na6 9. Ne5 Be8 10. Rd1 e6 11. b4 Nxb4 12. Rb1 Nc6 13. Rxb7 Na5 14. Rb1 Qe7 15.
Nb5 c6 16. Qa3 Qxa3 17. Nxa3 c5 18. Nb5 Rc8 19. Nd6 Rd8 20. Nxe8 Nxe8 21. Rb5
Nc4 22. Nxc4 dxc4 23. Rxc5 Bxd4 24. c3 Bxc5 25. Rxd8 Nf6 26. Rd2 Kf7 27. Rd1
Ke7 28. Be5 Bb6 29. Bb7 Rd8 30. Rxd8 Bxd8 31. Ba6 Nd7 32. Bd4 Nb6 33. Bxb6 axb6
34. Bxc4 Kf6 35. h4 h6 36. Kf1 e5 37. e3 f4 38. Kg2 fxe3 39. fxe3 e4 40. Bd5
Ke5 41. c4 g5 42. Kh3 Be7 43. Kg2 gxh4 44. gxh4 Bxh4 45. Bb7 Be1 46. Kf1 Bb4
47. Ke2 h5 48. Bc8 Bc5 49. Bh3 Kf6 50. Bg2 Kf5 51. Kf2 Be7 52. Ke2 Bd6 53. Kf2
1-0

[Event "Frankfurt Ch A 2019"]
[Site "Ffm-Höchst, BiKuZ"]
[Date "2019.05.06"]
[Round "2.8"]
[White "Thomas, Norbert"]
[Black "Nehmert, Ulrich"]
[Result "0-1"]
[WhiteElo "1923"]
[BlackElo "2152"]
[PlyCount "68"]
[EventDate "2019.??.??"]
[WhiteTeam "SC Frankfurt-West"]
[BlackTeam "Wiesbadener SV"]

1. c4 c6 2. Nf3 d5 3. g3 Nf6 4. Bg2 Bf5 5. b3 e6 6. O-O h6 7. d3 a5 8. Nbd2
Nbd7 9. a3 Be7 10. Bb2 O-O 11. Qc2 Bh7 12. Rad1 b5 13. Rb1 Qb8 14. Nd4 Rc8 15.
Rfc1 e5 16. N4f3 e4 17. Ne1 Bc5 18. dxe4 Qa7 19. Qc3 b4 20. axb4 axb4 21. Qd3
Bxf2+ 22. Kh1 Nc5 23. Qc2 Ncxe4 24. Nxe4 Nxe4 25. Nd3 Be3 26. Bf3 Nf2+ 27. Kg2
Qd7 28. g4 Nxd3 29. exd3 dxc4 30. Qxc4 Bxc1 31. Rxc1 Ra2 32. Rc2 Bxd3 33. Bxc6
Bxc4 34. Bxd7 Bd5+ 0-1

[Event "Frankfurt Ch A 2019"]
[Site "Ffm-Höchst, BiKuZ"]
[Date "2019.05.06"]
[Round "2.9"]
[White "Weber, Samuel"]
[Black "Hochmuth, Christian"]
[Result "1/2-1/2"]
[WhiteElo "2147"]
[BlackElo "1928"]
[PlyCount "72"]
[EventDate "2019.??.??"]
[WhiteTeam "SV Oberursel"]
[BlackTeam "SG Wächtersbach"]

1. c4 Nf6 2. g3 g6 3. Bg2 d5 4. cxd5 Nxd5 5. Nc3 Nxc3 6. bxc3 Bg7 7. h4 h5 8.
Qb3 c6 9. Nh3 Qb6 10. O-O Qxb3 11. axb3 O-O 12. Ba3 Re8 13. d4 e5 14. e3 exd4
15. cxd4 Be6 16. Nf4 Nd7 17. Nxe6 fxe6 18. Bd6 a6 19. Ra5 Bf6 20. Rd1 Rac8 21.
e4 Be7 22. Bxe7 Rxe7 23. Rg5 Kh7 24. Bh3 Rd8 25. d5 cxd5 26. exd5 Nf6 27. Re5
Rxd5 28. Rdxd5 Nxd5 29. Bxe6 Nf6 30. f4 Kg7 31. Kf1 Ng4 32. Re2 Kf6 33. Bc8 Rc7
34. Bxg4 hxg4 35. Re3 Rc2 36. Rd3 Ke6 1/2-1/2

[Event "Frankfurt Ch A 2019"]
[Site "Ffm-Höchst, BiKuZ"]
[Date "2019.05.06"]
[Round "2.10"]
[White "Li, Maxim"]
[Black "Uwira, Oliver"]
[Result "0-1"]
[WhiteElo "1932"]
[BlackElo "2143"]
[PlyCount "42"]
[EventDate "2019.??.??"]
[WhiteTeam "Wiesbadener SV"]
[BlackTeam "SC Nied"]

1. e4 c5 2. Nf3 Nc6 3. Bb5 d6 4. O-O Bd7 5. c3 a6 6. Ba4 Nf6 7. Re1 e5 8. d3 g6
9. h3 Bg7 10. Be3 O-O 11. Qd2 Nd4 12. Bd1 Ne6 13. b4 Nh5 14. Bb3 Nef4 15. bxc5
Qf6 16. Bd1 dxc5 17. Bxc5 Rfc8 18. d4 Bh6 19. Qb2 Nd3 20. Qxb7 Bc6 21. dxe5
Bxb7 0-1

[Event "Frankfurt Ch A 2019"]
[Site "Ffm-Höchstt, BiKuZ"]
[Date "2019.05.06"]
[Round "2.11"]
[White "Reschke, Thomas"]
[Black "Deppe, Leo Max"]
[Result "0-1"]
[WhiteElo "2136"]
[BlackElo "1920"]
[PlyCount "34"]
[WhiteTeam "SC Frankfurt-West"]
[BlackTeam "SC Bad Soden"]

1. c4 e5 2. g3 Nc6 3. Bg2 Bc5 4. Nc3 a6 5. e3 d6 6. Nge2 Ba7 7. d4 exd4 8. exd4
Nge7 9. O-O O-O 10. b3 Nf5 11. d5 Ne5 12. Bb2 h5 13. h3 h4 14. g4
Ng3 15. Nxg3 hxg3 16. Ne4 Qh4 17. Bd4 Bxg4 0-1

[Event "Frankfurt Ch A 2019"]
[Site "Ffm-Höchst, BiKuZ"]
[Date "2019.05.06"]
[Round "2.12"]
[White "Rupp, Mark"]
[Black "Neininger, Ralph"]
[Result "1/2-1/2"]
[WhiteElo "1901"]
[BlackElo "2133"]
[PlyCount "45"]
[EventDate "2019.??.??"]
[WhiteTeam "SK Langen"]
[BlackTeam "SV Oberursel"]

1. d4 d5 2. c4 dxc4 3. Nf3 Nf6 4. e3 b5 5. a4 b4 6. Nbd2 c3 7. bxc3 bxc3 8. Nb1
e6 9. Nxc3 Be7 10. Bd3 O-O 11. O-O Ba6 12. Ne5 Bxd3 13. Nxd3 Nbd7 14. Ba3 Bxa3
15. Rxa3 Qe7 16. Qc1 c5 17. dxc5 Nxc5 18. Nxc5 Qxc5 19. Nb5 Qb6 20. Rc3 Nd5 21.
Rc6 Qa5 22. Qa3 Nb6 23. Ra1 1/2-1/2